02071nam a2200325 i 4500003000900000005001700009007000300026008004100029020001800070040003300088041001300121082001300134100002900147245018300176250002200359264004300381300004700424336002700471337003300498338002800531490002500559500080400584521006101388534003601449650006501485650006901550650006101619700003501680700003001715CO-MqBPB20220822100323.0ta210831s2019 ck a br6 000 1 spa d a9789583061615 aCO-MqBPBbspaerdacCO-MqBPB1 aspahfre aNGbFERd1 aFerry, Lucd1951-eautor13aLa sabiduría de los mitos :bDédalo E Ícaro /cconcebido y escrito por Luc Ferry ; traducción Maria Mercedes Correa ; guión Clotilde Bruneau ; ilustración Didier Poli aPrimera edición 1aBogotábPanamericana Editorialc2020 a55 páginasbilustraciones a colorc26 cm 2rdacontentatextobtxt 2rdamediaasin mediaciónbn 2rdacarrieravolumenbnc0 aCómic Panamericana aLa mitología griega encanta a lectores de cualquier edad con epopeyas espectaculares, dioses todopoderosos, un bestiario formidable y héroes extraordinarios. Ofrece también lecciones de sabiduría de una profundidad incomparable. Este libro pertenece a la colección La sabiduría de los mitos, que, en formato de novela gráfica, presenta una adaptación respetuosa de los textos originales. Al final de la historia, el lector encontrará un valioso material complementario que analiza el significado filosófico y el patrimonio cultural que representa cada mito. En este volumen se narra la historia de Dédalo y su hijo ícaro, que tras despertar la ira del rey Minos, son condenados a terminar sus días presos en el laberinto que el mismo Dédalo construyó para el Minotauro. aRecomendado para un público infantil mayor de 9 años tPersée et la Gorgone Méduse17aMitología griegavTiras Cómicas, historietas, etc.2LEMB17aMitología clásica vTiras Cómicas, historietas, etc.2LEMB17aDioses griegosvTiras Cómicas, historietas, etc.2LEMB1 aBruneau, Clotilde eguionista1 aPoli, Didiereilustrador